Fun Quiz 1 - Statistics

General Stats
  • This quiz has been taken 6 times
  • The average score is 5 of 25
Answer Stats
Hint Answer % Correct
What does the law enforcement acronym 'BOLO' stand for? be on the look out / be on look out / be on the lookout / be on lookout
50%
Which country did the soda 'Fanta' originate from? Germany
50%
What is 'vulpes vulpes' the scientific name of? red fox / fox
50%
The African dog called the basenji is the only breed of dog that does not do what? bark
33%
Where is the birthplace of piña coladas and Ricky Martin? Puerto Rico
33%
What country offered to send elephants to the U.S. during the civil war? Thailand / Siam
33%
What produces roughly 50-70% of Earth's oxygen? the ocean / plankton / phytoplankton / marine plants
33%
At what age do you turn one billion seconds old? 32 / 31.7 / around 32
17%
What is a thalassophile? an ocean lover / a sea lover / ocean lover / sea lover / someone who loves the ocean / someone who loves the sea
17%
What animal completely lacks the receptors to taste sweetness? cats / cats (domestic and wild) / big cats / wild cats
17%
About 30 million people in China live in 'yaodong'. A benefit of the yaodong architecture is that it serves as a natural insulator, where the interior stays warm in the winter and cool in the summer. What kind of dwelling is this? caves / cave / cave buildings
17%
Where do half of all pigs on earth live? China
17%
Gregor Mendel, Austrian monk and biologist, is considered the father of what? genetics
17%
What are plants, animals, or microorganisms called when their DNA/RNA has been altered using biotechnology to introduce a desirable trait? GMOs / Genetically Modified Organisms
17%
Which U.S. state has milk has their official state drink? Maryland
17%
What is the way to request the signature topping style for your sandwich at Jersey Mike's? Mike's way
17%
Shaking hands or passing something from hand-to-hand over a door threshold is considered bad luck in which country? Russia
17%
What is older than trees, dinosaurs, and the rings of Saturn? sharks
17%
Where is Spotify's global headquarters located? Stockholm / Sweden
17%
What is the rarest and non-naturally spawning mob in Minecraft? blue axolotl
0%
What was the baked treat that was created by accident? chocolate chip cookies
0%
Originally born as Jeffrey Preston Jorgensen, he is now known as? Jeff Bezos
0%
What are a group of platypuses called? paddle / a paddle
0%
What was Pikachu's design inspired by? squirrels
0%
From what region of the world do chili peppers originate? the Americas / Americas
0%
No matching quizzes found
Score Distribution
Percent of People with Each Score
Percentile by Number Answered
Your Score History
You have not taken this quiz